Statistiche per Geografia per immagini - U

Clicka qui per fare il quiz!

Statistiche generali

  • Questo quiz è stato fatto 293 volte
  • Il punteggio medio è 11 su 18

Statistiche sulle risposte

Answer% Corretto
Uganda
93%
Uruguay
90%
Urali
86%
Unione Sovietica
86%
Utah
84%
Urbino
70%
Ulan Bator
67%
Uzbekistan
67%
Ungheria
57%
Ulster
54%
Utrecht
46%
Ulma
44%
Uppsala
43%
Udine
42%
Umbria
41%
Uluru
41%
Ustica
33%
Lingue {ugrofinniche}
28%

Distribuzione punteggi

Percentile per numero di risposta

Percentuale di utenti per punteggio

I tuoi punteggi nel tempo

Non hai fatto questo quiz